| 000 | 00670nam a22002177a 4500 | ||
|---|---|---|---|
| 999 |
_c132325 _d132325 |
||
| 005 | 20181116134945.0 | ||
| 010 | _aB-159034 | ||
| 020 |
_c495.00 _a8176489263 |
||
| 035 | _aB-159034, B-159037 B-159044 | ||
| 037 | _bCen Lib/Ret | ||
| 082 |
_a664 _bMAH |
||
| 100 | _aMahindru, S. N. | ||
| 245 |
_aFood preservation and irradiation / _cby S.N.Mahindru |
||
| 260 |
_aNew Delhi _bA P H Publishing Corporation _c2005 |
||
| 270 |
_a5, Ansari Road, Daryaganj _bNew Delhi _e110002 |
||
| 300 |
_a231p. _c19cm(Hb) |
||
| 500 | _aIncludes index | ||
| 650 | _aRadiation preservation of food | ||
| 650 | _aFood Technology | ||
| 942 |
_2ddc _cEN _h664 _mMAH |
||